| 000 | 00373 a2200133 4500 | ||
|---|---|---|---|
| 082 | _a320.12 | ||
| 090 |
_c6209 _d6209 |
||
| 100 | _aAzam, Ikram | ||
| 245 |
_aAdvanced Intergrated Studies Geosociology and the Future _cDr. Ikram Azam _hEnglish |
||
| 260 |
_aIslamabad _bThe PFI Margalla Voices _c2004 |
||
| 300 | _a447 | ||
| 500 | _apapercover | ||
| 942 |
_aNBS _cBK _k320.12 AZA |
||
| 999 |
_c348582 _d348582 |
||